=LDR 00000nam 2200000 4500 =001 INLIS000000000052866 =005 20201217121930 =035 ##$$a 0010-0318000093 =007 ta =008 201217################g##########0#ind## =082 ##$$a 324.2 =084 ##$$a 324.2 GOL g =245 ##$$a Golkar retak? /$c Editor, Stanley =260 ##$$a [s.l] :$b Institut Studi Arus Informasi,$c 1999 =300 ##$$a xv,261 hlm. ; $c 21 x 15 cm. =650 #4$$a Partai Politik =700 #$$a Stanley =990 ##$$a 142.021/Pro-99 =990 ##$$a 08470847 =990 ##$$a 1199900677 =990 ##$$a 142.021/Pro-99 =990 ##$$a 1199900677 =990 ##$$a 142.021/Pro-99